LEADER 01192nam a2200265 i 4500 001 000000158195 003 CaOOAMICUS 005 20161003000000.0 008 161003s1999 it u000 u ita u 013 $a135558 020 $a88-343-0019-X 040 $aSeMil$bita 245 13$aLa tutela del disabile mentale /$ca cura di Francesco Villa. 260 $aMilano :$bVita e Pensiero,$ccopyr. 1999. 300 $aX, 132 p. ;$c21 cm. 500 $aContiene : Appendici. - Ai pič del front : Pubblicazione dell'Universitā Cattolica del Sacro Cuore. 650 4$aDisabili mentali.$0(OLS)http://semarc/subject/16864 700 1 $aVilla, Francesco .$0(OLS)http://semarc/name/41280 710 2 $aFondazione Luigi Moneta .$0(OLS)http://semarc/name/15009 850 $aSeMil 852 $aSeMil$W1$xVenegono$y1$m3L I 34$j109852$B109852$CSeMilBibl$Z2$F119444 $81 961 $aOmaggio: Universitā Cattolica del Sacro Cuore 996 $6020$a88-343-0019-X$9(OLS)http://semarc/number/73555 996 $6245$aLa tutela del disabile mentale$9(OLS)http://semarc/title/139463 996 $6260$aMilano :$bVita e Pensiero$9(OLS)http://semarc/publisher/29642 LEADER 00402nab a2200133 i 4500 001 000000281805 003 CaOOAMICUS 005 20180831165208.0 008 180831n xx uu u0 0und r 013 $a34502 040 $aSeMil$bita 245 10$a[vedi periodico]. 773 0 $t1997.$dMilano : CISF, Centro Internazionale Studi Famiglia, 1997.$w()234240 996 $6245$a[vedi periodico]$9(OLS)http://semarc/title/309439